Podniková logistika
Na minha lista:
| Autor principal: | |
|---|---|
| Outros Autores: | , |
| Formato: | Livro |
| Idioma: | eslovaco |
| Publicado em: |
Košice
PETIT
2014
|
| Edição: | 1. vyd. |
| Colecção: | Edícia vedeckej a odbornej literatúry
|
| Assuntos: | |
| Tags: |
Sem tags, seja o primeiro a adicionar uma tag!
|
MARC
| LEADER | 00000nam a2200000 4500 | ||
|---|---|---|---|
| 001 | 0193895 | ||
| 005 | 20240502073239.7 | ||
| 020 | |a 978-80-971555-3-7 | ||
| 041 | 0 | |a slo | |
| 044 | |a SK | ||
| 245 | 1 | 0 | |a Podniková logistika |c Naqibullah Daneshjo ; recenzenti: Milan Majerník, Marián Králik |
| 250 | |a 1. vyd. | ||
| 264 | 1 | |a Košice |b PETIT |c 2014 | |
| 300 | |a 267 s. [13,35 AH] | ||
| 490 | 1 | |a Edícia vedeckej a odbornej literatúry | |
| 830 | 0 | |a Edícia vedeckej a odbornej literatúry | |
| 610 | 2 | 0 | |a logistika podniková |
| 610 | 2 | 0 | |a stratégia logistická |
| 610 | 2 | 0 | |a distribúcia |
| 610 | 2 | 0 | |a zásobovanie |
| 610 | 2 | 0 | |a objednávky |
| 610 | 2 | 0 | |a zásoby |
| 610 | 2 | 0 | |a riadenie zásob |
| 610 | 2 | 0 | |a doprava |
| 610 | 2 | 0 | |a skladovanie |
| 610 | 2 | 0 | |a balenie |
| 100 | 1 | |a Daneshjo, Naqibullah, 1964- | |
| 700 | 1 | |a Majerník, Milan, 1952- | |
| 700 | 1 | |a Králik, Marián | |